000 01363nac a22003851i 4500
003 EG-ScBUE
005 20260309101740.0
006 m||||fq||h z00| 0
008 260228t2006 caua f b 001 0 eng d
020 _a9780495064411
020 _a0495064416
035 _a(OCoLC)ocm58918467
040 _aEG-ScBUE
_beng
_erda
_cEG-ScBUE
_dEG-ScBUE
082 0 4 _a570.15195
_bROS
_222
100 1 _aRosner, Bernard
_q(Bernard A.),
_eauthor.
245 1 0 _aFundamentals of biostatistics /
_cBernard Rosner, Harvard University.
250 _aSixth edition.
250 _aInternational student edition.
264 1 _aBelmont, CA :
_bThomson-Brooks Cole,
_c[2006]
264 4 _cc2006
300 _axix, 868 pages :
_billustrations ;
_c25 cm +
_e1 CD
336 _2rdacontent
_atext
_btxt
336 _2rdacontent
_asounds
_bsnd
337 _aunmediated
_2rdamedia
_bn
337 _aaudio
_2rdamedia
_bs
338 _avolume
_bnc
_2rdacarrier
338 _acomputer disc
_bcd
_2rdacarrier
500 _aAccompanying CD-ROM contains a student study guide, and data sets in the formats of Minitab, SPSS, SAS, JMP, Excel, and ASCII.
504 _aIncludes bibliographical references and index.
538 _aSystem requirements: Microsoft Windows.
650 7 _aBiometry.
_2BUEsh
650 7 _aMedical statistics.
_2BUEsh
655 _vReading book
942 _cBB
_2ddc
999 _c3296
_d3296